| 000 | 00946nas a2200277 i 4500 | ||
|---|---|---|---|
| 001 | 181 | ||
| 003 | ES-MaACL | ||
| 005 | 20250901090022.0 | ||
| 007 | t| | ||
| 008 | 950801d19221928ru | | 1 ||re d | ||
| 080 | _a47 | ||
| 245 | 0 | 0 |
_aAnnales de roentgénologie et radiologie _b: journal de l`Institut d'Etat de Roentgénologie et Radiologie a Petersbourg / _cdir. M. Nemenow. |
| 260 |
_aPetersbourg : _bGoliske et Vilborg, _c1922-1928 ( _fImp. Universitaires de France) |
||
| 300 |
_a3 v. ; _c27 cm. |
||
| 310 | _aTrimestral | ||
| 362 | 0 | _aT. I (1922)-(1928) | |
| 500 | _aNo se publicó de 1923-26. | ||
| 650 | 1 | 4 |
_aPatología. _915884 |
| 650 | 7 |
_aRadiología _2embne _9140316 |
|
| 700 | 1 |
_aNemenow, M, _9227390 |
|
| 710 | 2 | 0 |
_aInstitut d'Etat de Roentgénologie et Radiologie (San Petesburgo) _94747 |
| 852 |
_aES-MaACL _jHEM-D-127 _xOlim:HEM-1325 |
||
| 866 | 0 | _o1922.(1927-28). | |
| 942 | _2udc | ||
| 999 |
_c181 _d181 |
||